Management and organisational behaviour / (Record no. 16610)

MARC details
000 -LEADER
fixed length control field 00914 a2200253 4500
005 - DATE AND TIME OF LATEST TRANSACTION
control field 20081013150556.0
008 - FIXED-LENGTH DATA ELEMENTS--GENERAL INFORMATION
fixed length control field 081013t xxu||||| |||| 00| 0 eng d
010 ## - LCCN (DPL NO)
LC control number ENG-91290
020 ## - INTERNATIONAL STANDARD BOOK NUMBER
Terms of availability 290.00
035 ## - SYSTEM CONTROL NUMBER
System control number EN-74823
037 ## - SOURCE OF ACQUISITION
Source of stock number/acquisition DBAD / PUB
040 ## - CATALOGING SOURCE
Original cataloging agency dpl
Language of cataloging English
082 ## - DEWEY DECIMAL CLASSIFICATION NUMBER
Classification number 658
100 ## - MAIN ENTRY--PERSONAL NAME
Personal name Reddy, J. Prakash
245 ## - TITLE STATEMENT
Title Management and organisational behaviour /
Statement of responsibility, etc by J. Prakash Reddy
260 ## - PUBLICATION, DISTRIBUTION, ETC. (IMPRINT)
Place of publication, distribution, etc New Delhi
Name of publisher, distributor, etc Himalaya Publishing House
Date of publication, distribution, etc 2008
270 ## - ADDRESS
Address Pooja Apartments, 4-=B, Murari Lal Street, Ansari Raod, Daryaganj,
City New Delhi
Postal code 110002
300 ## - PHYSICAL DESCRIPTION
Extent 327 p.;
Dimensions 22 cm ( pbk.)
Other physical details ill.
500 ## - GENERAL NOTE
General note Includes references
650 ## - SUBJECT ADDED ENTRY--TOPICAL TERM
Topical term or geographic name as entry element Organizational behavior
650 ## - SUBJECT ADDED ENTRY--TOPICAL TERM
Topical term or geographic name as entry element Management
942 ## - ADDED ENTRY ELEMENTS (KOHA)
Institution code [OBSOLETE] dpl
Item type English Books
Source of classification or shelving scheme Dewey Decimal Classification
Call number suffix RED
Classification part 658
Holdings
Withdrawn status Lost status Source of classification or shelving scheme Damaged status Not for loan Collection code Home library Current library Date acquired Source of acquisition Cost, normal purchase price Total Checkouts Full call number Barcode Date last seen Copy number Cost, replacement price Koha item type
    Dewey Decimal Classification   Not For Loan Non-fiction D.B.Act.Division D.B.Act.Division 13/10/2008 DBAD / PUB 290.00   658 RED EN-74823 13/10/2008 1 290.00 English Books

© Delhi Public Library
Hit Counter
free hit counter